000 00946cab a2200313 4500
001 ABS52248
008 090401t1995 xxu||||| |||| 00| 0 eng d
035 _a(Sirsi) u68128
041 _aeng
100 _aDallas, R.
245 _aMeasured surveys of historic buildings
260 _c1995
350 _a0
490 _aCSM (Chartered Surveyor Monthly)
_v4(4) February 1995, 28-29(2)
520 _aExamines the different types of measured surveys available, their uses and the methods used to prepare them.
650 _aARCHITECTURAL PHOTOGRAMMETRY
650 _aDIGITAL DATA
650 _aELECTRONIC MEASURING EQUIPMENT
650 _aELEVATION DRAWINGS
650 _aFLOOR PLANS
650 _aHISTORIC BUILDINGS
650 _aMEASURED SURVEYS
650 _aPHOTOGRAPHY
650 _aSECTION DRAWINGS
690 _aBUILT ENVIRONMENT-BUILDING INSPECTION
690 _aCONSERVATION
942 _n0
948 _c04/03/1997
999 _c42713
_d42713